<?xml version="1.0" encoding="UTF-8"?>
<record
    xmlns:xsi="http://www.w3.org/2001/XMLSchema-instance"
    xsi:schemaLocation="http://www.loc.gov/MARC21/slim http://www.loc.gov/standards/marcxml/schema/MARC21slim.xsd"
    xmlns="http://www.loc.gov/MARC21/slim">

  <leader>01524nam a22003857a 4500</leader>
  <controlfield tag="001">BRCA_9244</controlfield>
  <controlfield tag="003">FranzMayer</controlfield>
  <controlfield tag="005">20230717125759.0</controlfield>
  <controlfield tag="008">230710b        |||||||| |||| 00| 0 eng d</controlfield>
  <datafield tag="020" ind1=" " ind2=" ">
    <subfield code="a">9786073063609</subfield>
  </datafield>
  <datafield tag="040" ind1=" " ind2=" ">
    <subfield code="c">MFM</subfield>
    <subfield code="b">esp</subfield>
  </datafield>
  <datafield tag="041" ind1=" " ind2=" ">
    <subfield code="a">esp</subfield>
  </datafield>
  <datafield tag="050" ind1=" " ind2="0">
    <subfield code="a">NK.1396.A76</subfield>
    <subfield code="b">U53 2022</subfield>
  </datafield>
  <datafield tag="110" ind1="1" ind2=" ">
    <subfield code="a">UNAM</subfield>
    <subfield code="b">MUAC</subfield>
    <subfield code="9">28602</subfield>
  </datafield>
  <datafield tag="240" ind1="1" ind2=" ">
    <subfield code="a">Una modernidad hecha a mano: Dise&#xF1;o artesanal en M&#xE9;xico 1952-2022</subfield>
    <subfield code="l">spa, eng</subfield>
  </datafield>
  <datafield tag="245" ind1="0" ind2=" ">
    <subfield code="a">Una modernidad hecha a mano</subfield>
    <subfield code="b">Dise&#xF1;o artesanal en M&#xE9;xico 1952-2022</subfield>
  </datafield>
  <datafield tag="246" ind1="0" ind2="1">
    <subfield code="a">A Handmade Modernism</subfield>
    <subfield code="b">Artesanal Design in Mexico, 1952-2022</subfield>
  </datafield>
  <datafield tag="260" ind1=" " ind2=" ">
    <subfield code="a">CDMX, M&#xE9;xico</subfield>
    <subfield code="b">UNAM</subfield>
    <subfield code="c">2022</subfield>
  </datafield>
  <datafield tag="300" ind1=" " ind2=" ">
    <subfield code="a">256 p</subfield>
    <subfield code="b">Fotografias</subfield>
    <subfield code="c">28 cm</subfield>
  </datafield>
  <datafield tag="500" ind1=" " ind2=" ">
    <subfield code="a">L60/N5</subfield>
  </datafield>
  <datafield tag="505" ind1="0" ind2=" ">
    <subfield code="a">Publicado tambi&#xE9;n como: A Handmade Modernism: Artisanal Design in Meixco, 1952-2022Destinado a: Artistas, dise&#xF1;adores, historiadores, investigadores, muse&#xF3;grafos Texto en: Espa&#xF1;ol, ingl&#xE9;sIncluye &#xED;ndice tem&#xE1;ticoIncluye lista de obras</subfield>
  </datafield>
  <datafield tag="610" ind1="1" ind2=" ">
    <subfield code="a">UNAM</subfield>
    <subfield code="b">MUAC</subfield>
    <subfield code="9">28603</subfield>
  </datafield>
  <datafield tag="650" ind1="1" ind2="0">
    <subfield code="2">Artes decorativas-M&#xE9;xico-Historia</subfield>
  </datafield>
  <datafield tag="651" ind1="1" ind2=" ">
    <subfield code="2">Arte-M&#xE9;xico</subfield>
    <subfield code="a">M&#xE9;xico</subfield>
    <subfield code="y">1952-2022</subfield>
    <subfield code="9">28604</subfield>
  </datafield>
  <datafield tag="662" ind1=" " ind2=" ">
    <subfield code="2">Arte</subfield>
    <subfield code="a">M&#xE9;xico</subfield>
  </datafield>
  <datafield tag="700" ind1="1" ind2=" ">
    <subfield code="4">Ed.</subfield>
    <subfield code="a">Mallet, Ana Elena </subfield>
    <subfield code="9">28605</subfield>
  </datafield>
  <datafield tag="700" ind1="1" ind2=" ">
    <subfield code="4">Dis.</subfield>
    <subfield code="a">Paoli, Christina </subfield>
    <subfield code="9">28606</subfield>
  </datafield>
  <datafield tag="700" ind1="1" ind2=" ">
    <subfield code="4">Ed.</subfield>
    <subfield code="a">Medina, Cuauht&#xE9;moc </subfield>
    <subfield code="9">28607</subfield>
  </datafield>
  <datafield tag="700" ind1="1" ind2=" ">
    <subfield code="4">Ens.</subfield>
    <subfield code="a">Dorotinsky, Deborah </subfield>
    <subfield code="9">28608</subfield>
  </datafield>
  <datafield tag="700" ind1="1" ind2=" ">
    <subfield code="a">Ens.</subfield>
    <subfield code="d">F. Rivas, Jorge </subfield>
    <subfield code="9">28609</subfield>
  </datafield>
  <datafield tag="700" ind1="1" ind2=" ">
    <subfield code="4">Dir ed</subfield>
    <subfield code="a">L&#xF3;pez Garcia, Vanessa </subfield>
    <subfield code="9">28610</subfield>
  </datafield>
  <datafield tag="700" ind1="1" ind2=" ">
    <subfield code="4">tr.</subfield>
    <subfield code="a">Fraga, Christopher </subfield>
    <subfield code="9">28611</subfield>
  </datafield>
  <datafield tag="710" ind1="1" ind2=" ">
    <subfield code="a">UNAM</subfield>
    <subfield code="b">MUAC</subfield>
    <subfield code="9">28602</subfield>
  </datafield>
  <datafield tag="942" ind1=" " ind2=" ">
    <subfield code="2">lcc</subfield>
    <subfield code="c">B</subfield>
  </datafield>
  <datafield tag="999" ind1=" " ind2=" ">
    <subfield code="c">10863</subfield>
    <subfield code="d">10863</subfield>
  </datafield>
  <datafield tag="952" ind1=" " ind2=" ">
    <subfield code="0">0</subfield>
    <subfield code="1">0</subfield>
    <subfield code="2">lcc</subfield>
    <subfield code="4">0</subfield>
    <subfield code="7">0</subfield>
    <subfield code="8">FCON</subfield>
    <subfield code="a">BRCA</subfield>
    <subfield code="b">BRCA</subfield>
    <subfield code="d">2023-07-10</subfield>
    <subfield code="e">Donaci&#xF3;n</subfield>
    <subfield code="l">0</subfield>
    <subfield code="o">2023409236</subfield>
    <subfield code="p">CONT10038</subfield>
    <subfield code="r">2023-07-10 00:00:00</subfield>
    <subfield code="t">1</subfield>
    <subfield code="w">2023-07-10</subfield>
    <subfield code="y">B</subfield>
  </datafield>
</record>
